[Event "2nd Indonesia Open Chess Ch. 2012"]
[Site "Grand SahidJaya Hotel, Jakarta"]
[Date "2012.10.15"]
[Round "7.48"]
[White "Bersamina, Paulo"]
[Black "Masruri, Rahman"]
[Result "1-0"]
[WhiteElo "2205"]
[BlackElo "2136"]
[PlyCount "134"]
[EventDate "2012.10.11"]

1. e4 e6 2. d3 d5 3. Nd2 Nf6 4. Ngf3 dxe4 5. dxe4 Nc6 6. Bb5 Bd7 7. O-O a6 8.
Be2 e5 9. c3 Bg4 10. Qc2 Be7 11. Nc4 Bxf3 12. Bxf3 Qc8 13. Ne3 O-O 14. Be2 Bc5
15. b4 Ba7 16. Kh1 Ne7 17. Bc4 b5 18. Bb3 Qb7 19. f3 c5 20. bxc5 Bxc5 21. a4 b4
22. cxb4 Bxb4 23. Rb1 a5 24. Qa2 Qa7 25. Nc4 Nc6 26. Bg5 Nd7 27. f4 Kh8 28.
fxe5 Ndxe5 29. Be3 Bc5 30. Nxe5 Nxe5 31. Bxc5 Qxc5 32. Bxf7 Nxf7 33. Rxf7 Rxf7
34. Qxf7 Rf8 35. Qb3 h6 36. h3 Qd4 37. Re1 Re8 38. e5 Qd2 39. Re3 Qf2 40. Qd3
Rc8 41. Qe4 Qf1+ 42. Kh2 Rc4 43. Qa8+ Kh7 44. Rf3 Qe1 45. Qd5 Qe4 46. Qxa5 Rxa4
47. Qc7 Rc4 48. Qe7 Rc6 49. Rg3 Rg6 50. Rxg6 Kxg6 51. Qe6+ Kh7 52. Qd6 Qf4+ 53.
Kg1 Qe3+ 54. Kf1 Qf4+ 55. Ke1 Qe3+ 56. Kf1 Qf4+ 57. Ke2 Qe4+ 58. Kd1 Qxg2 59.
e6 Qf1+ 60. Kc2 Qc4+ 61. Kd2 Qa2+ 62. Kc3 Qa1+ 63. Kc4 Qa2+ 64. Kb5 Qb3+ 65.
Ka5 Qa2+ 66. Kb6 Qb3+ 67. Kc7 Qc4+ 1-0

[Event "2nd Indonesia Open Chess Ch. 2012"]
[Site "Grand SahidJaya Hotel, Jakarta"]
[Date "2012.10.15"]
[Round "7.49"]
[White "Hidayat, Arifin"]
[Black "Ali, Sadikin"]
[Result "0-1"]
[WhiteElo "2141"]
[BlackElo "2167"]
[PlyCount "52"]
[EventDate "2012.10.11"]

1. d4 Nf6 2. Nf3 g6 3. c4 Bg7 4. g3 b6 5. Bg2 Bb7 6. O-O O-O 7. Nc3 d6 8. Re1
Nbd7 9. d5 Ng4 10. Nd4 e5 11. dxe6 Bxg2 12. Kxg2 fxe6 13. f3 Bxd4 14. Qxd4 Nge5
15. Ne4 Qe7 16. Bh6 Rf5 17. g4 Rf7 18. h3 Nc6 19. Qd2 a5 20. Ng5 Rf6 21. f4 Nd8
22. Ne4 Rf7 23. Rf1 Nc5 24. Ng3 Qh4 25. Bg5 Qxg3+ 26. Kxg3 Ne4+ 0-1

[Event "2nd Indonesia Open Chess Ch. 2012"]
[Site "Grand SahidJaya Hotel, Jakarta"]
[Date "2012.10.15"]
[Round "7.51"]
[White "Aay, Aisyah Anisa"]
[Black "Hukom, David"]
[Result "1/2-1/2"]
[WhiteElo "1839"]
[BlackElo "2100"]
[PlyCount "112"]
[EventDate "2012.10.11"]

1. e4 e5 2. Nf3 Nc6 3. d4 exd4 4. Nxd4 Qh4 5. Nb5 Bc5 6. Qe2 Nd4 7. Nxd4 Bxd4
8. c3 Bb6 9. g3 Qe7 10. Bg2 d6 11. Be3 Nf6 12. Bxb6 axb6 13. O-O O-O 14. c4 Re8
15. Nc3 Qe5 16. Rfe1 Bd7 17. Rad1 Bc6 18. Qd3 Qc5 19. Qd4 Qh5 20. f4 Qc5 21.
Qxc5 bxc5 22. h3 Nd7 23. g4 Nf8 24. e5 Bxg2 25. Kxg2 dxe5 26. fxe5 Ng6 27. Rd7
c6 28. Rxb7 Rad8 29. Rd1 Nxe5 30. b3 f6 31. Rxd8 Rxd8 32. Ne4 Nd3 33. Rc7 Rd4
34. Nc3 Ne5 35. a4 Rd2+ 36. Kf1 Rd3 37. Ne4 Rxb3 38. Nxc5 Rb1+ 39. Kf2 Rb2+ 40.
Kf1 Nxc4 41. Rxc6 Ne3+ 42. Ke1 Ra2 43. Rc7 h6 44. Ne6 Rxa4 45. Rxg7+ Kh8 46.
Rg6 Kh7 47. Rxf6 Re4 48. Kf2 Nxg4+ 49. hxg4 Rxg4 50. Rf7+ Kg6 51. Rf3 Ra4 52.
Kg3 Rb4 53. Nf4+ Kg5 54. Nh3+ Kg6 55. Nf4+ Kg5 56. Ne6+ Kg6 1/2-1/2

[Event "2nd Indonesia Open Chess Ch. 2012"]
[Site "Grand SahidJaya Hotel, Jakarta"]
[Date "2012.10.16"]
[Round "8.1"]
[White "Yu, Yangyi"]
[Black "Lu, Shanglei"]
[Result "1-0"]
[WhiteElo "2651"]
[BlackElo "2526"]
[PlyCount "51"]
[EventDate "2012.10.11"]

1. e4 c5 2. Nf3 d6 3. d4 cxd4 4. Nxd4 Nf6 5. Nc3 g6 6. Be3 Bg7 7. f3 Nc6 8. Qd2
O-O 9. g4 Be6 10. Nxe6 fxe6 11. O-O-O Ne5 12. Be2 Qc8 13. h4 Nc4 14. Bxc4 Qxc4
15. Bh6 Bxh6 16. Qxh6 b5 17. h5 b4 18. Nb1 Kf7 19. g5 Rfc8 20. c3 bxc3 21. Nxc3
Nxh5 22. Qxh7+ Ke8 23. Qxg6+ Kd7 24. Qxh5 Qxa2 25. Rxd6+ Kxd6 26. Rd1+ 1-0

[Event "2nd Indonesia Open Chess Ch. 2012"]
[Site "Grand SahidJaya Hotel, Jakarta"]
[Date "2012.10.16"]
[Round "8.2"]
[White "Grigoryan, Avetik"]
[Black "Li, Chao B"]
[Result "0-1"]
[WhiteElo "2572"]
[BlackElo "2681"]
[PlyCount "74"]
[EventDate "2012.10.11"]

1. d4 d5 2. c4 c6 3. Nc3 Nf6 4. e3 a6 5. Qc2 g6 6. Nf3 Bg7 7. Bd2 O-O 8. Rc1
Bg4 9. Ne5 Be6 10. cxd5 Nxd5 11. Ne4 Bf5 12. Nc4 a5 13. Bd3 Nb4 14. Bxb4 axb4
15. Nc5 b6 16. Ne4 c5 17. dxc5 b5 18. Nb6 Rxa2 19. Rb1 Nd7 20. Nxd7 Qxd7 21.
Ke2 Qd5 22. f3 b3 23. Qc1 Rfa8 24. g4 Bxb2 25. Rxb2 Rxb2+ 26. Qxb2 Ra2 27. Qxa2
bxa2 28. gxf5 Qe5 29. c6 a1=Q 30. Rxa1 Qxa1 31. f6 Kf8 32. Nc5 Qb2+ 33. Kd1 Qc3
34. Nd7+ Ke8 35. Be4 exf6 36. Nb6 f5 37. Bd5 Qd3+ 0-1

[Event "2nd Indonesia Open Chess Ch. 2012"]
[Site "Grand SahidJaya Hotel, Jakarta"]
[Date "2012.10.16"]
[Round "8.3"]
[White "Chatalbashev, Boris"]
[Black "Sokolov, Ivan"]
[Result "0-1"]
[WhiteElo "2535"]
[BlackElo "2690"]
[PlyCount "90"]
[EventDate "2012.10.11"]

1. d4 d5 2. c4 e6 3. Nc3 c5 4. cxd5 exd5 5. Nf3 Nc6 6. g3 Nf6 7. Bg2 Be7 8. O-O
O-O 9. dxc5 d4 10. Na4 Bf5 11. b4 d3 12. e3 Nxb4 13. Nd4 Be4 14. Bxe4 Nxe4 15.
Rb1 Nxa2 16. Qxd3 Ng5 17. Ba3 a5 18. Nb6 Ra6 19. Rfd1 Nb4 20. Bxb4 axb4 21. Nc6
Nf3+ 22. Kh1 Ra2 23. Qxd8 Bxd8 24. Kg2 bxc6 25. Nd7 Nd2 26. Nxf8 Kxf8 27. Rxb4
Ke7 28. Rd4 Ba5 29. g4 g6 30. g5 Bc3 31. Rh4 Ke6 32. Rc1 Be5 33. Rb4 Kf5 34.
Rb7 Ne4 35. Rxf7+ Ke6 36. Rf3 Nxg5 37. Rf8 Ke7 38. Rc8 Ne4 39. Kf3 Nxf2 40. Rf1
Nh3 41. Ke4 Bxh2 42. Rxc6 Rd2 43. Kf3 Ng5+ 44. Kg4 Rg2+ 45. Kh4 h5 0-1

[Event "2nd Indonesia Open Chess Ch. 2012"]
[Site "Grand SahidJaya Hotel, Jakarta"]
[Date "2012.10.16"]
[Round "8.5"]
[White "Iordachescu, Viorel"]
[Black "Ganguly, Surya Shekhar"]
[Result "1/2-1/2"]
[WhiteElo "2637"]
[BlackElo "2610"]
[PlyCount "128"]
[EventDate "2012.10.11"]

1. e4 e5 2. Nf3 Nc6 3. Bb5 a6 4. Ba4 Nf6 5. O-O b5 6. Bb3 Bc5 7. c3 d6 8. d4
Bb6 9. Be3 O-O 10. Nbd2 Bb7 11. Re1 exd4 12. cxd4 Nb4 13. d5 c5 14. dxc6 Nxc6
15. Nf1 Bxe3 16. Rxe3 Na5 17. Ng3 Re8 18. Qd4 d5 19. e5 Ne4 20. Rd1 Qc7 21. Qb4
Rad8 22. Qe1 Qb6 23. Nf5 h6 24. h3 Ba8 25. Re2 Kh7 26. Bc2 Nc4 27. Ne3 Kg8 28.
Nxc4 bxc4 29. b3 c3 30. Nd4 Nd2 31. Rdxd2 cxd2 32. Qxd2 Rc8 33. Qd3 Kf8 34. Re3
Bc6 35. e6 Bb5 36. Qf5 Rc7 37. Qf4 Ree7 38. Bg6 Be8 39. g3 Kg8 40. exf7+ Bxf7
41. Bd3 Rxe3 42. Qxe3 Bg6 43. Be2 Be4 44. f3 Bg6 45. Kf2 a5 46. h4 Qc5 47. g4
Re7 48. Qd2 Bb1 49. a4 Qd6 50. Kg2 Qb4 51. Qxb4 axb4 52. a5 Bg6 53. Kf2 Be8 54.
Nc2 Rb7 55. a6 Rb8 56. Ke3 Kf7 57. Kd4 Ke6 58. f4 Kd6 59. Ne3 g6 60. Nxd5 Bc6
61. Bc4 Rf8 62. Nxb4 Rxf4+ 63. Ke3 Rxg4 64. a7 Ba8 1/2-1/2

[Event "2nd Indonesia Open Chess Ch. 2012"]
[Site "Grand SahidJaya Hotel, Jakarta"]
[Date "2012.10.16"]
[Round "8.6"]
[White "Nguyen, Ngoc Truong Son"]
[Black "Xu, Jun"]
[Result "1-0"]
[WhiteElo "2635"]
[BlackElo "2506"]
[PlyCount "101"]
[EventDate "2012.10.11"]

1. d4 Nf6 2. Nf3 e6 3. Bf4 b6 4. e3 Bb7 5. h3 c5 6. c3 Be7 7. Nbd2 O-O 8. Bd3
d6 9. O-O Nc6 10. Re1 Re8 11. Bg3 Rc8 12. a3 cxd4 13. cxd4 g6 14. e4 Nb8 15.
Qe2 Nbd7 16. Rac1 Rxc1 17. Rxc1 Qa8 18. e5 dxe5 19. dxe5 Nh5 20. Bh2 Rc8 21.
Rxc8+ Qxc8 22. g4 Ng7 23. Ne4 Qc1+ 24. Kg2 Nc5 25. Nxc5 Qxc5 26. Be4 Bd5 27.
Bf4 Qc6 28. Bxd5 exd5 29. Nd4 Qc8 30. Qc2 Ne6 31. Bd2 Qxc2 32. Nxc2 Bc5 33. b4
Bd4 34. f4 Bb2 35. a4 Nd4 36. Nxd4 Bxd4 37. Kf3 Kf8 38. Ke2 g5 39. Kd3 Bb2 40.
f5 Bxe5 41. Bxg5 Ke8 42. Be3 Kd7 43. h4 Bg3 44. h5 f6 45. Bd4 Bh4 46. b5 Kd6
47. Kc3 Bg5 48. Kb3 Bh4 49. a5 bxa5 50. Ka4 Be1 51. g5 (51. Bxf6 Kc5 52. g5 d4
53. Bxd4+ Kxd4 54. g6) 1-0

[Event "2nd Indonesia Open Chess Ch. 2012"]
[Site "Grand SahidJaya Hotel, Jakarta"]
[Date "2012.10.16"]
[Round "8.7"]
[White "Ghaem Maghami, Ehsan"]
[Black "Wang, Chen"]
[Result "1-0"]
[WhiteElo "2557"]
[BlackElo "2469"]
[PlyCount "49"]
[EventDate "2012.10.11"]

1. e4 c5 2. Nf3 e6 3. d4 cxd4 4. Nxd4 a6 5. Nc3 b5 6. Bd3 Bb7 7. O-O Qc7 8. Re1
Bd6 9. Nf3 Bc5 10. Qd2 Qb6 11. a3 Nc6 12. b4 Be7 13. Bb2 f6 14. Qf4 Rc8 15. Qg3
Kf8 16. Rad1 Nh6 17. e5 f5 18. Nd5 exd5 19. e6 Rg8 20. exd7 Rd8 21. Re6 Rxd7
22. Ne5 Rc7 23. Qh3 Qa7 24. Rxh6 Nxe5 25. Bxe5 1-0

[Event "2nd Indonesia Open Chess Ch. 2012"]
[Site "Grand SahidJaya Hotel, Jakarta"]
[Date "2012.10.16"]
[Round "8.9"]
[White "Dzhumaev, Marat"]
[Black "Krasenkow, Michal"]
[Result "1-0"]
[WhiteElo "2516"]
[BlackElo "2636"]
[PlyCount "101"]
[EventDate "2012.10.11"]

1. e4 g6 2. d4 Bg7 3. Nf3 d6 4. c3 Nf6 5. Bd3 O-O 6. O-O Nc6 7. d5 Nb8 8. h3 c6
9. c4 a5 10. Nc3 Na6 11. Re1 Nc5 12. Bf1 a4 13. Nd4 Bd7 14. Bf4 Qa5 15. Rc1
Rfe8 16. e5 dxe5 17. Bxe5 a3 18. b3 Na6 19. Nc2 Rad8 20. Qd4 Bf5 21. Ne3 Bc8
22. g4 Nb4 23. Qf4 Rd7 24. Rcd1 Red8 25. Bg2 Ne8 26. Bxg7 Nxg7 27. Re2 Na6 28.
Ne4 Nc5 29. Nxc5 Qxc5 30. Rde1 e6 31. Qf6 cxd5 32. cxd5 exd5 33. Rc2 Qe7 34.
Qa1 d4 35. Nd5 Qh4 36. Qxd4 Rxd5 37. Bxd5 Be6 38. Re5 h5 39. Rd2 Qxh3 40. Rd3
Qh4 41. g5 Qxd4 42. Rxd4 Kf8 43. Rd3 Bf5 44. Rc3 Ne6 45. b4 Nf4 46. Bxb7 Rd1+
47. Kh2 Rd2 48. Rxa3 h4 49. Ra8+ Kg7 50. Ree8 Rxf2+ 51. Kg1 1-0

[Event "2nd Indonesia Open Chess Ch. 2012"]
[Site "Grand SahidJaya Hotel, Jakarta"]
[Date "2012.10.16"]
[Round "8.10"]
[White "Nguyen, Duc Hoa"]
[Black "Ehlvest, Jaan"]
[Result "1-0"]
[WhiteElo "2494"]
[BlackElo "2607"]
[PlyCount "71"]
[EventDate "2012.10.11"]

1. d4 d6 2. Nf3 g6 3. g3 Bg7 4. Bg2 f5 5. O-O Nf6 6. c4 O-O 7. Nc3 c6 8. Rb1
Ne4 9. Qc2 Nxc3 10. Qxc3 e5 11. dxe5 dxe5 12. e4 f4 13. b3 Qe7 14. c5 Na6 15.
b4 Nc7 16. a4 Bg4 17. Bb2 Bxf3 18. Qxf3 Ne6 19. Qg4 a5 20. b5 Kh8 21. Rfd1 cxb5
22. axb5 Nxc5 23. Ba3 b6 24. Rd5 a4 25. Bf1 Rac8 26. Rbd1 fxg3 27. hxg3 Rc7 28.
R1d2 Qf7 29. Bc4 h5 30. Qe2 Qe7 31. Rd6 Rf6 32. Rd8+ Rf8 33. Qd1 Rc8 34. R8d6
Qg5 35. Bc1 Qg4 36. Rd8 1-0

[Event "2nd Indonesia Open Chess Ch. 2012"]
[Site "Grand SahidJaya Hotel, Jakarta"]
[Date "2012.10.16"]
[Round "8.11"]
[White "Purnama, Tirta Chandra"]
[Black "Bocharov, Dmitry"]
[Result "0-1"]
[WhiteElo "2384"]
[BlackElo "2603"]
[PlyCount "86"]
[EventDate "2012.10.11"]

1. d4 g6 2. c4 Bg7 3. Nc3 c5 4. d5 d6 5. e4 e6 6. Bd3 Ne7 7. Nge2 O-O 8. O-O
Nd7 9. f4 exd5 10. exd5 Nf6 11. Ng3 h5 12. f5 h4 13. Nge4 Nxe4 14. Nxe4 Nxf5
15. Bg5 Bd4+ 16. Kh1 f6 17. Bf4 Kg7 18. Qd2 g5 19. Nxg5 fxg5 20. Bxg5 Bf6 21.
Rxf5 Bxf5 22. Bh6+ Kh8 23. Bxf5 Bg7 24. Bg5 Qe8 25. Be6 h3 26. Bxh3 Bd4 27. Re1
Qh5 28. Bf4 Rf6 29. Be6 Raf8 30. g3 Be5 31. Bxe5 dxe5 32. Qe3 Rf2 33. Qxe5+
Qxe5 34. Rxe5 Rxb2 35. Kg1 Rff2 36. Rh5+ Kg7 37. h4 Rg2+ 38. Kf1 Rh2 39. Kg1
Rbg2+ 40. Kf1 Rxa2 41. Kg1 Rag2+ 42. Kf1 Rd2 43. Ke1 Rdg2 0-1

[Event "2nd Indonesia Open Chess Ch. 2012"]
[Site "Grand SahidJaya Hotel, Jakarta"]
[Date "2012.10.16"]
[Round "8.12"]
[White "Korneev, Oleg"]
[Black "Dimakiling, Oliver"]
[Result "1-0"]
[WhiteElo "2591"]
[BlackElo "2470"]
[PlyCount "119"]
[EventDate "2012.10.11"]

1. e4 d6 2. d4 Nf6 3. Nc3 g6 4. Be3 c6 5. Qd2 Qc7 6. h3 b5 7. Bd3 Nbd7 8. Nf3
a6 9. Ne2 Bb7 10. Ng3 h5 11. Bg5 e5 12. c3 Bg7 13. O-O Nf8 14. a4 Ne6 15. Be3
O-O 16. Bc2 Rfe8 17. Rfe1 Nd7 18. Bb3 d5 19. axb5 exd4 20. Nxd4 h4 21. bxc6
Nxd4 22. Bxd4 Bxd4 23. Qxd4 Bxc6 24. exd5 hxg3 25. dxc6 gxf2+ 26. Qxf2 Ne5 27.
Bd5 Kg7 28. c4 a5 29. Rf1 Qe7 30. c7 Rac8 31. Rxa5 Rxc7 32. Qd4 f6 33. Ra6 Nd7
34. Re6 Qf8 35. Rxe8 Qxe8 36. b4 Qe7 37. b5 Rc5 38. Rf3 Qd6 39. Re3 Ne5 40. Re4
g5 41. Qb2 Nd3 42. Qe2 Ne5 43. Kh1 Rc7 44. Qe3 Re7 45. b6 Qb4 46. b7 Kg6 47.
Qe1 Qb3 48. Qa5 g4 49. Re1 Rxb7 50. Bxb7 Qxb7 51. Rxe5 fxe5 52. Qxe5 gxh3 53.
Qg3+ Kh6 54. Qxh3+ Kg5 55. Qg3+ Kh6 56. Qf4+ Kg6 57. Qg3+ Kh6 58. Qf4+ Kg6 59.
c5 Qb3 60. Qg4+ 1-0

[Event "2nd Indonesia Open Chess Ch. 2012"]
[Site "Grand SahidJaya Hotel, Jakarta"]
[Date "2012.10.16"]
[Round "8.15"]
[White "Pascua, Haridas"]
[Black "Paragua, Mark"]
[Result "1-0"]
[WhiteElo "2350"]
[BlackElo "2540"]
[PlyCount "71"]
[EventDate "2012.10.11"]

1. d4 Nf6 2. c4 g6 3. Nf3 Bg7 4. g3 O-O 5. Bg2 d6 6. O-O Nbd7 7. Nc3 e5 8. d5
Nc5 9. Ne1 a5 10. e4 Nfd7 11. Be3 f5 12. Qd2 Nb6 13. Bxc5 dxc5 14. exf5 gxf5
15. Qe2 e4 16. f3 exf3 17. Rxf3 Qe8 18. Qf1 Qg6 19. Kh1 Bd7 20. Rd1 Qh6 21. Nd3
f4 22. Nxf4 Bg4 23. Ne4 Bxf3 24. Bxf3 Nd7 25. Qe2 Qb6 26. Ne6 Ne5 27. Bh5 Qb4
28. b3 a4 29. N4g5 h6 30. Nxg7 Qc3 31. Ne4 Qb4 32. Ne6 axb3 33. axb3 Rf5 34.
Bg4 Ra2 35. Qxa2 Nxg4 36. Qe2 1-0

[Event "2nd Indonesia Open Chess Ch. 2012"]
[Site "Grand SahidJaya Hotel, Jakarta"]
[Date "2012.10.16"]
[Round "8.16"]
[White "Barus, Cerdas"]
[Black "Barbosa, Oliver"]
[Result "0-1"]
[WhiteElo "2400"]
[BlackElo "2575"]
[PlyCount "90"]
[EventDate "2012.10.11"]

1. d4 d5 2. Nf3 Nf6 3. c4 c6 4. Qc2 dxc4 5. Qxc4 Bg4 6. Nc3 Nbd7 7. Bg5 Qa5 8.
Bd2 Qb6 9. e3 e6 10. h3 Bh5 11. O-O-O Qd8 12. g4 Bg6 13. Nh4 b5 14. Qe2 b4 15.
Na4 Be4 16. f3 Bd5 17. Kb1 c5 18. e4 Bc6 19. Nxc5 Nxc5 20. dxc5 Nd7 21. Ng2
Bxc5 22. Be3 Qb6 23. Qf2 O-O 24. Rc1 Bxe3 25. Qxe3 Qb7 26. Nf4 a5 27. Be2 Rac8
28. h4 Bb5 29. h5 Bxe2 30. Nxe2 Ne5 31. h6 g6 32. Rxc8 Rxc8 33. Qf4 Nc4 34. Qf6
Kf8 35. Nf4 Qc6 36. Ne2 b3 37. Ka1 Ne3 38. axb3 a4 39. Nd4 Qa6 40. b4 Qc4 41.
Qg7+ Ke7 42. Kb1 a3 43. g5 axb2 44. Qf6+ Ke8 45. Kxb2 Qxb4+ 0-1

[Event "2nd Indonesia Open Chess Ch. 2012"]
[Site "Grand SahidJaya Hotel, Jakarta"]
[Date "2012.10.16"]
[Round "8.17"]
[White "Pham, Le Thao Nguyen"]
[Black "Gomez, John Paul"]
[Result "1/2-1/2"]
[WhiteElo "2387"]
[BlackElo "2523"]
[PlyCount "101"]
[EventDate "2012.10.11"]

1. d4 Nf6 2. Bf4 c5 3. e3 Qb6 4. Nc3 d6 5. a3 g6 6. h3 Bg7 7. Nf3 O-O 8. Be2 a6
9. O-O Qc7 10. a4 cxd4 11. exd4 Nc6 12. Bg5 Nb4 13. Qd2 Bf5 14. Rfc1 Rac8 15.
a5 b6 16. Nb5 axb5 17. Qxb4 bxa5 18. Rxa5 Nd5 19. Qd2 h6 20. Bh4 Nf4 21. Rxb5
Nxe2+ 22. Qxe2 Be6 23. d5 Bd7 24. Rb4 Rb8 25. Rxb8 Rxb8 26. b3 g5 27. Bg3 Bf5
28. h4 Rxb3 29. hxg5 hxg5 30. Qd2 Rb5 31. c4 Rc5 32. Qxg5 Be4 33. Ra1 Qb7 34.
Re1 Rxc4 35. Nd2 Rd4 36. Nxe4 Rxe4 37. Rc1 Rd4 38. Re1 Rxd5 39. Qxe7 Qxe7 40.
Rxe7 Rd1+ 41. Kh2 d5 42. Bf4 d4 43. Re2 Kh7 44. Kg3 Kg6 45. Kf3 Kf5 46. g4+ Kg6
47. Ke4 Rg1 48. f3 Rf1 49. Ra2 Re1+ 50. Kd3 Re6 51. Ra5 1/2-1/2

[Event "2nd Indonesia Open Chess Ch. 2012"]
[Site "Grand SahidJaya Hotel, Jakarta"]
[Date "2012.10.16"]
[Round "8.18"]
[White "Wahono, Awam"]
[Black "Nguyen, Van Huy"]
[Result "1-0"]
[WhiteElo "2389"]
[BlackElo "2517"]
[PlyCount "142"]
[EventDate "2012.10.11"]

1. d4 Nf6 2. Nf3 d5 3. e3 c5 4. c4 cxd4 5. exd4 g6 6. Nc3 Bg7 7. h3 O-O 8. Be3
b6 9. Rc1 Bb7 10. Be2 dxc4 11. Bxc4 Nc6 12. O-O Rc8 13. Qe2 e6 14. Rfd1 Nb4 15.
Ne5 Nbd5 16. Bg5 h6 17. Be3 Nxe3 18. fxe3 Nd5 19. Bxd5 Bxd5 20. e4 Bb7 21. Nf3
Qd7 22. e5 Rc7 23. Qe3 Rd8 24. Rc2 Kh7 25. h4 Qe7 26. h5 gxh5 27. Rf2 Kg8 28.
Ne4 Bxe4 29. Qxe4 Rdc8 30. Rdf1 Rc1 31. Rxc1 Rxc1+ 32. Kh2 Rc8 33. Rd2 Rd8 34.
Rc2 Qd7 35. Qh4 Rc8 36. Rf2 Rf8 37. Qxh5 Qd5 38. b3 Qe4 39. Qh3 Qf4+ 40. Qg3
Qxg3+ 41. Kxg3 Rc8 42. Kf4 Rc3 43. Ke4 Kf8 44. Ne1 h5 45. Rc2 Rg3 46. Rc8+ Ke7
47. Rc7+ Ke8 48. Rc8+ Kd7 49. Rc2 Bh6 50. Nf3 Bf8 51. Kf4 Rg4+ 52. Ke3 Be7 53.
a4 f6 54. exf6 Bxf6 55. b4 Kd6 56. b5 Rg7 57. Kf4 Rg4+ 58. Ke3 Bg7 59. Rc6+ Kd7
60. Rc2 Bf6 61. Ra2 Kd6 62. Rc2 Kd7 63. Rc6 Be7 64. a5 bxa5 65. Ra6 Rxg2 66.
Rxa7+ Kd6 67. Ra6+ Kd7 68. Rxa5 Bf6 69. Ra7+ Kd6 70. Rf7 Be7 71. Ne5 Rg1 1-0

[Event "2nd Indonesia Open Chess Ch. 2012"]
[Site "Grand SahidJaya Hotel, Jakarta"]
[Date "2012.10.16"]
[Round "8.19"]
[White "Ardiansyah, H."]
[Black "Shyam, Sundar M"]
[Result "1/2-1/2"]
[WhiteElo "2371"]
[BlackElo "2494"]
[PlyCount "117"]
[EventDate "2012.10.11"]

1. d4 Nf6 2. c4 g6 3. g3 Bg7 4. Bg2 d5 5. Nf3 O-O 6. O-O dxc4 7. Na3 c3 8. bxc3
c5 9. Bb2 Nc6 10. e3 Qa5 11. Nd2 cxd4 12. cxd4 Bg4 13. f3 Be6 14. Rf2 Rfd8 15.
Nb3 Qb6 16. Nc5 Bxa2 17. Na4 Qb3 18. Qxb3 Bxb3 19. Nc5 Be6 20. Nxb7 Rdb8 21.
Nc5 Rb6 22. Nxe6 fxe6 23. Nc4 Rb4 24. Ne5 Nd8 25. Ba3 Ra4 26. Rfa2 Nd5 27. f4
Bxe5 28. fxe5 Nc6 29. Bh3 Nd8 30. Bc5 Rxa2 31. Rxa2 a5 32. Ra3 a4 33. e4 Nc7
34. Bf1 Kf7 35. Bb6 Ne8 36. Rf3+ Kg8 37. Bc5 Nc7 38. Bc4 Nc6 39. Ra3 Rb8 40.
Rxa4 Rb1+ 41. Kg2 Rb2+ 42. Kh3 Kg7 43. Ra2 Rxa2 44. Bxa2 Nb5 45. d5 Nxe5 46.
Bxe7 exd5 47. exd5 Nf7 48. Kg4 Nfd6 49. Kf4 Kf7 50. Bd8 Ke8 51. Bb6 Ke7 52. h4
Nc8 53. Bc5+ Kf6 54. g4 Ncd6 55. Bb6 Ke7 56. Bb3 Nc8 57. Bc5+ Kd7 58. d6 Ncxd6
59. Kg3 1/2-1/2

[Event "2nd Indonesia Open Chess Ch. 2012"]
[Site "Grand SahidJaya Hotel, Jakarta"]
[Date "2012.10.16"]
[Round "8.20"]
[White "Hamdani, Rudin"]
[Black "Hoang, Thanh Trang"]
[Result "1/2-1/2"]
[WhiteElo "2328"]
[BlackElo "2470"]
[PlyCount "58"]
[EventDate "2012.10.11"]

1. e4 e6 2. d4 d5 3. e5 c5 4. c3 Nc6 5. Nf3 Nh6 6. a3 Nf5 7. b4 cxd4 8. cxd4
Bd7 9. Be2 Qb6 10. Be3 f6 11. exf6 gxf6 12. Nc3 a5 13. b5 Na7 14. O-O Bd6 15.
Bd3 Nxe3 16. fxe3 O-O 17. Ng5 fxg5 18. Qh5 Rf5 19. Bxf5 exf5 20. Qxg5+ Kf7 21.
Rxf5+ Bxf5 22. Rf1 Rf8 23. Nxd5 Qd8 24. Rxf5+ Ke6 25. Nf6 Rxf6 26. d5+ Kf7 27.
Qh5+ Kg7 28. Qg5+ Kf7 29. Qh5+ Kg7 1/2-1/2

[Event "2nd Indonesia Open Chess Ch. 2012"]
[Site "Grand SahidJaya Hotel, Jakarta"]
[Date "2012.10.16"]
[Round "8.22"]
[White "Bitoon, Richard"]
[Black "Lioe, Dede"]
[Result "1-0"]
[WhiteElo "2430"]
[BlackElo "2387"]
[PlyCount "103"]
[EventDate "2012.10.11"]

1. c4 e6 2. g3 d5 3. Bg2 Nf6 4. Nf3 Be7 5. O-O O-O 6. d4 b6 7. cxd5 exd5 8. Nc3
c6 9. Ne5 Bb7 10. Qa4 Nfd7 11. Rd1 f5 12. Qb3 Nf6 13. Bh3 Nfd7 14. Bg2 Nf6 15.
Bg5 Kh8 16. Rac1 Nbd7 17. Bxf6 Bxf6 18. f4 Be7 19. e3 Rf6 20. Rd2 Qe8 21. Nxd5
cxd5 22. Rc7 Bc8 23. Qxd5 Rb8 24. Rxd7 Bxd7 25. Qxd7 Qc8 26. Bc6 Bd6 27. Rc2
Qa6 28. Nf7+ Rxf7 29. Qxf7 Qd3 30. Qb3 Qd1+ 31. Kg2 Rc8 32. Be4 Rxc2+ 33. Qxc2
Qxc2+ 34. Bxc2 g6 35. h3 Kg7 36. g4 Kf6 37. Kf3 Bb4 38. g5+ Ke7 39. h4 Bd2 40.
h5 Bc1 41. b3 Bb2 42. Bd3 Bc3 43. h6 Bb2 44. Bc4 Bc3 45. Bg8 Kf8 46. Bxh7 Kf7
47. d5 Bb4 48. e4 fxe4+ 49. Kxe4 Bd2 50. d6 Bc3 51. Bxg6+ Ke6 52. f5+ 1-0

[Event "2nd Indonesia Open Chess Ch. 2012"]
[Site "Grand SahidJaya Hotel, Jakarta"]
[Date "2012.10.16"]
[Round "8.23"]
[White "Sukandar, Irine Kharisma"]
[Black "Dao, Thien Hai"]
[Result "1/2-1/2"]
[WhiteElo "2362"]
[BlackElo "2523"]
[PlyCount "62"]
[EventDate "2012.10.11"]

1. e4 c5 2. Nf3 e6 3. d4 cxd4 4. Nxd4 a6 5. Bd3 Nf6 6. O-O Qc7 7. Kh1 Bc5 8.
Nb3 Be7 9. f4 d6 10. Nc3 Nbd7 11. Qf3 b6 12. Bd2 Bb7 13. Rae1 g6 14. Qh3 O-O-O
15. e5 Nh5 16. f5 exf5 17. Bxa6 Bxa6 18. Nd5 Qb7 19. Nxe7+ Kb8 20. exd6 Bxf1
21. Rxf1 Ndf6 22. Bb4 Nd5 23. Ba3 Rhe8 24. c4 Nxe7 25. dxe7 Rd7 26. Qc3 Nf4 27.
Qe5+ Qc7 28. Qb5 Qb7 29. Qe5+ Qc7 30. Qb5 Qb7 31. Qe5+ Qc7 1/2-1/2

[Event "2nd Indonesia Open Chess Ch. 2012"]
[Site "Grand SahidJaya Hotel, Jakarta"]
[Date "2012.10.16"]
[Round "8.24"]
[White "Farid, Firman Syah"]
[Black "Cao, Sang"]
[Result "1/2-1/2"]
[WhiteElo "2326"]
[BlackElo "2514"]
[PlyCount "86"]
[EventDate "2012.10.11"]

1. c4 Nf6 2. Nc3 e5 3. g3 Bb4 4. Bg2 O-O 5. Nf3 Bxc3 6. dxc3 Nc6 7. O-O d6 8.
h3 h6 9. b3 Re8 10. Qc2 Be6 11. e4 a5 12. a4 Nd7 13. Nh4 Nc5 14. Ba3 Qf6 15.
Bxc5 dxc5 16. Nf5 Bxf5 17. exf5 Rab8 18. Rad1 Ne7 19. Rd7 Nxf5 20. Rxc7 b6 21.
Rd1 e4 22. Bxe4 Qe5 23. Rb7 Rxb7 24. Bxb7 g6 25. Bc6 Re7 26. Qd2 Kg7 27. Kg2 h5
28. Bf3 Re6 29. Bd5 Re7 30. Bf3 Qf6 31. Re1 h4 32. Rxe7 Nxe7 33. g4 g5 34. Be4
Qe5 35. Qd3 Qf4 36. Qf3 Qxf3+ 37. Kxf3 Kf6 38. Ke3 Ke5 39. Bd3 Nc8 40. Bf5 Ne7
41. Bc2 Nc8 42. Bf5 Nd6 43. Bc2 Nc8 1/2-1/2

[Event "2nd Indonesia Open Chess Ch. 2012"]
[Site "Grand SahidJaya Hotel, Jakarta"]
[Date "2012.10.16"]
[Round "8.25"]
[White "Torre, Eugenio"]
[Black "Kaisar, Jenius Hakiki"]
[Result "1-0"]
[WhiteElo "2500"]
[BlackElo "2285"]
[PlyCount "149"]
[EventDate "2012.10.11"]

1. e4 c5 2. Nf3 d6 3. c3 Nf6 4. Be2 g6 5. O-O Bg7 6. Re1 O-O 7. Bf1 Bg4 8. h3
Bxf3 9. Qxf3 Nc6 10. Qd1 e5 11. d3 d5 12. exd5 Nxd5 13. g3 Qd7 14. a4 Rad8 15.
a5 Rfe8 16. Qb3 h6 17. Nd2 Kh7 18. Qb5 Bf8 19. Bg2 Qc7 20. Ne4 a6 21. Qa4 f5
22. Nd2 Nf6 23. Bf1 Bg7 24. Nc4 Nd5 25. Qa3 Na7 26. Qb3 Nc6 27. Bd2 Re7 28. Qa3
Red7 29. Rad1 Na7 30. h4 Bf6 31. Qb3 Nc6 32. Ra1 g5 33. hxg5 hxg5 34. g4 f4 35.
Bg2 Kg7 36. Be4 Be7 37. Bf5 Nf6 38. Qc2 Rh8 39. Qb3 e4 40. dxe4 f3 41. e5 Rxd2
42. Nxd2 Nxe5 43. Qe6 Bd6 44. Ne4 Nxe4 45. Rxe4 Rh6 46. Qc8 Qxc8 47. Bxc8 Nd3
48. Re6 Bh2+ 49. Kf1 Rh8 50. Bxb7 Ne5 51. Rxe5 Bxe5 52. Bxf3 Rb8 53. Ra2 Bc7
54. Be2 Kf6 55. Bc4 Ke5 56. Ke2 Bd8 57. f3 Bc7 58. Kd3 Rf8 59. Kc2 Rb8 60. Ra4
Kd6 61. b4 cxb4 62. cxb4 Ra8 63. Ra3 Kc6 64. Re3 Bd6 65. Re6 Rb8 66. Bxa6 Rxb4
67. Rg6 Ra4 68. Rxg5 Bc5 69. Bb7+ Kb5 70. a6 Kc4 71. Bd5+ Kb4 72. Rg6 Ra3 73.
Rc6 Kb5 74. g5 Bb6 75. Rc3 1-0